000 00416nam a2200133 a 4500
008 120416s1977 ||||||||||||||||| || u
050 _aPR 9184.6 Man
100 _aMandel, Eli
245 1 0 _aAnother time
260 _aErin
_bPorcepic
_c1977
300 _a160p.
350 _a0.00
995 _D0.00
_FCBU-MAIN LIBRARY (Kitwe)
_H1
_I0.00
_M1
_UAVAILABLE
_ZFiction Collection
999 _c34477
_d34477